| 000 | 00606nam a22001937a 4500 | ||
|---|---|---|---|
| 005 | 20140801113915.0 | ||
| 010 | _aENG-109970 | ||
| 020 |
_a9788184249095 _c800.00 |
||
| 035 | _aEN-93503 | ||
| 037 | _bDBAD/PUB | ||
| 082 | _a327.55054 | ||
| 245 |
_aIndia and Iran in contemporary relations / _cedited by R. Sidda Goud [and] Manisha Mookherjee |
||
| 260 |
_aNew Delhi _bAllied Publishers _c2014 |
||
| 270 |
_a1/13-14, Asaf Ali Road _bNew Delhi _e110002 |
||
| 300 |
_axx,232p. _c24cm(Hb) |
||
| 700 | _aGoud, R. Sidda | ||
| 700 | _aMookherjee, Manisha | ||
| 942 |
_2ddc _cEN _mIND _h327.55054 |
||
| 999 |
_c84451 _d84451 |
||